[Event "BCF-chT4 2223 (4NCL)"]
[Site "England"]
[Date "2023.03.25"]
[Round "7.93"]
[White "Garnett, John S"]
[Black "Wilding, Robin IR"]
[Result "1-0"]
[WhiteElo "1953"]
[BlackElo "1825"]
[PlyCount "109"]
[EventDate "2022.11.05"]
[EventType "team-swiss"]
[EventRounds "11"]
[EventCountry "ENG"]
[SourceTitle "EXT 2024"]
[Source "ChessBase"]
[SourceDate "2023.10.10"]
[SourceVersion "1"]
[SourceVersionDate "2023.10.10"]
[SourceQuality "1"]
[WhiteTeam "Ashfield II"]
[BlackTeam "Average Wood Pushers II"]
[WhiteTeamCountry "ENG"]
[BlackTeamCountry "ENG"]

1. d4 d5 2. c4 c6 3. Nf3 Nf6 4. Nc3 Bf5 5. Bf4 e6 6. e3 Bd6 7. Ne5 0-0 8. Be2 Ne4 9. 0-0 f6 10. Nf3 Bxf4 11. exf4 Qc7 12. g3 Nd7 13. Rc1 Nxc3 14. Rxc3 dxc4 15. Bxc4 Nb6 16. Bd3 Nd5 17. Rc1 Bg4 18. Be2 Rad8 19. Nd2 Bh3 20. Re1 Nxf4 21. gxf4 Rxd4 22. Qb3 Bf5 23. Nf3 Rxf4 24. Qe3 Rg4+ 25. Kh1 Re4 26. Qb3 Kh8 27. Bd3 Rxe1+ 28. Rxe1 Bxd3 29. Qxd3 e5 30. Rd1 h6 31. Nh4 Re8 32. Qd7 Qxd7 33. Rxd7 Rb8 34. Nf5 g6 35. Nxh6 f5 36. Nf7+ Kg7 37. Nxe5+ Kf6 38. Nd3 a5 39. Kg2 g5 40. Kf3 Ke6 41. Nc5+ Ke5 42. Rxb7 Rh8 43. Kg2 Kd5 44. Na4 Rh4 45. Nc3+ Kc5 46. Rf7 Rg4+ 47. Kf1 Rf4 48. Ne2 Rf3 49. Ng3 f4 50. Ne4+ Kb6 51. Nxg5 Rd3 52. Rxf4 Rd2 53. h4 Rxb2 54. h5 Rb5 55. Rg4 1-0